TOMB RAIDER : (Record no. 190574)

MARC details
000 -LEADER
fixed length control field 00894nam a2200265 i 4500
003 - CONTROL NUMBER IDENTIFIER
control field OSt
005 - DATE AND TIME OF LATEST TRANSACTION
control field 20221227111251.0
008 - FIXED-LENGTH DATA ELEMENTS--GENERAL INFORMATION
fixed length control field 221213s2022 enkabo gr 000 0 eng d
020 ## - INTERNATIONAL STANDARD BOOK NUMBER
International Standard Book Number 9781789098792
Qualifying information hardback
Terms of availability RM 157.40
040 ## - CATALOGING SOURCE
Original cataloging agency PPAK
Language of cataloging eng
Transcribing agency PPAK
Description conventions rda
082 04 - DEWEY DECIMAL CLASSIFICATION NUMBER
Classification number 641.5
Edition number 23
090 00 - LOCALLY ASSIGNED LC-TYPE CALL NUMBER (OCLC); LOCAL CALL NUMBER (RLIN)
Classification number (OCLC) (R) ; Classification number, CALL (RLIN) (NR) 641.5
Feature heading THE
Feature heading R
100 1# - MAIN ENTRY--PERSONAL NAME
Personal name Theoharis, Tara,
Relator term author.
245 10 - TITLE STATEMENT
Title TOMB RAIDER :
Remainder of title THE OFFICIAL COOKBOOK AND TRAVEL GUIDE /
Statement of responsibility, etc. RECIPES BY TARA THEOHARIS ; TEXT BY SEBASTIAN HALEY AND MEAGAN MARIE.
264 #1 - PRODUCTION, PUBLICATION, DISTRIBUTION, MANUFACTURE, AND COPYRIGHT NOTICE
Place of production, publication, distribution, manufacture London :
Name of producer, publisher, distributor, manufacturer Titan Publishing Group Limited,
Date of production, publication, distribution, manufacture, or copyright notice 2022.
Date of production, publication, distribution, manufacture, or copyright notice ©2022
300 ## - PHYSICAL DESCRIPTION
Extent 145 pages :
Other physical details colour illustrations, colour maps, colour photographs ;
Dimensions 26 cm
336 ## - CONTENT TYPE
Content type term text
Source rdacontent
Content type term still image
Source rdacontent
337 ## - MEDIA TYPE
Media type term unmediated
Source rdamedia
338 ## - CARRIER TYPE
Carrier type term volume
Source rdacarrier
650 10 - SUBJECT ADDED ENTRY--TOPICAL TERM
Topical term or geographic name entry element Cookbooks
Topical term or geographic name entry element Tomb raider
942 ## - ADDED ENTRY ELEMENTS (KOHA)
Source of classification or shelving scheme Dewey Decimal Classification
Koha item type Book
Holdings
Withdrawn Not for loan Current library Shelving location Date acquired Total Checkouts Full call number Barcode Date last seen Koha item type
  Not For Loan Perpustakaan Alor Setar Rujukan Dewasa 07/02/2023   R 641.5 THE A01766633 07/02/2023 Book
  Not For Loan Perpustakaan Awam Sungai Petani Rujukan Dewasa 07/02/2023   R 641.5 THE A01766634 07/02/2023 Book
  Not For Loan Perpustakaan Baling Rujukan Dewasa 07/02/2023   R 641.5 THE A01766635 07/02/2023 Book